000 00274nam a2200121Ia 4500
008 191201s2006 xx 000 0 und d
100 _aSHARMA, A K
245 0 _aInternational Economics
260 _aN. Delhi
_bAnmol
_c2006
300 _a376
650 _aMBA
942 _2ddc
_cBK
999 _c147
_d147